00615nam a2200181 i 450000100060000000300090000600500170001500700030003200800410003510000420007624500600011825000170017826000490019530000200024485200240026499900170028895201280030530395ES-MaACL20230906154204.0t|030124s1859 fr ||||1| fre d1 aBautain, Louis Eugène Marie.92661612aL'esprit humain et ses facultés / cpar M.L. Bautain. anouvelle ed. aParís : bDidier, c1859 (fP.A. Bourdier) a2 t. ; c18 cm. aES-MaACLjD-2036-37 c30395d30395 001040708LIBXIXaATENEOMbATENEOMcSVId2008-01-17eSCl0oD-2036-37p901031379r2023-02-23 00:00:00w2023-02-23yMONANT